Statistics for ANAGRAMS: Vehicle Manufacturers #3

Click here to take the quiz!

General Stats

  • This quiz has been taken 26 times
  • The average score is 6 of 10

Answer Stats

AnagramAnswer% Correct
PoleO{pel}
87%
FurR{UF}
87%
Con NillL{incoln}
83%
Aim TaserM{aserati}
78%
Yen BeltB{entley}
74%
Gut BaitB{ugatti}
65%
Earl NutR{enault}
61%
Or ScamM{arcos}
35%
Chat ReamC{aterham}
22%
Rat Mayo KimT{ommykaira}
13%

Score Distribution

Percentile by Number Answered

Percent of People with Each Score

Your Score History

You have not taken this quiz